00351nam a2200133Ia 4500003000400000008004100004020002200045040000800067100001600075245007700091260002800168300001000196365001100206LDD181029s9999 xx 000 0 und d a195678931c595.00 cLDD aOberai, Pia 0aExile and belongingbrefugees and state policy in south asiacPia Oberai aNew DelhibOxfordc2006 a298p. b595.00